000 00626nam a2200241 a 4500
001 nice12345678
003 IN_TiNIC
005 20260116014200.0
008 050524s2003 dela grp 000 0 eng
020 _a8172731
_c600
082 0 0 _a323
_bMIS
100 _aMishra, R C
245 _aGovernance of Human Rights
_b Challenges in the Age of Globalisation
260 _aDelhi
_bAuthor Press
_c2003
300 _a298p
500 _aincludes index and biblioraphy
505 2 _aIndex, Quranic Verses
650 _aHuman Rights
700 1 _aMishra, R C
902 _bSRS
942 _cBK
999 _c14220
_d14220